01625nam a2200361 a 4500001001000000003000500010005001700015008004100032010001100073011001100084040000900095090001000104100004600114245017900160260004100339500006000380502010900440590003700549590004000586590004000626590004000666650005200706650005300758650004800811856001600859856007000875901000700945942001000952942000600962999001900968952014000987952013601127000113513CHAP20220329144358.0170727s2016 mx a fsm |||||||spa d a109974 a110946 cCHAP aTesis1 aBreceda Corral, María Magdalena913286210aEspecies de Fusarium causante de la roña de la espiga de trigo (Triticum aestivum L.) en los Valles Altos de México /h[En línea]cpor María Magdalena Breceda Corral. aChapingo, Méx. :bEl autor,c2016. aPara ver el contenido del material haga clic en la liga aTesis (Ing. Agr. Esp. en Parasitología Agrícola) -- UACH. Departamento de Parasitología Agrícola aBATCHb00c20181121lUCH01h0759 aE8697GMMb05c20170727lUCH01h0912 aE8697GMMb05c20170727lUCH01h0944 aE8697GMMb05c20170727lUCH01h100514aFusarium graminearumxIdentificación.913284714aTrigoxEnfermedades por hongosxControl.913286314aTrigoxFisiología y morfología.9115027 a1 n0001029 aFinding aiduhttp://10.13.5.2/tesis/sist113513.pdfzTeclea aquí aBK cTESIS n0 c109974d109974 00102local4053708TESISaBCbBCcPA_TESISd2017-07-27fTESISl0oTesisp33724002531488r2019-12-31 00:00:00tc.2w2019-12-31yTESIS 00104054718TESISaBCbBCd2017-07-27fTESISl0oTesisp33724002531520r2019-12-31 00:00:00w2019-12-31yTESISzRecien adquirido